000 00307nam a22001337a 4500
008 170203b xxu||||| |||| 00| 0 eng d
020 _a9781878812209
041 _aeng
080 _23RD
_a61
100 _a3
101 _aSHM
245 _aCASES IN HEALTH SERVICES MANAGEMENT
_cRAKICH, J.S
942 _2udc
_cBK
999 _c4417
_d4417